[Event "Wch U08"]
[Site "Weifang"]
[Date "2019.08.22"]
[Round "2"]
[White "Jiang, Zihao William"]
[Black "Liu, Fung Ming Mathew"]
[Result "0-1"]
[WhiteElo "1161"]
[BlackElo "1561"]
[PlyCount "78"]
[EventDate "2019.08.21"]
[EventType "swiss"]
[EventRounds "11"]
[EventCountry "CHN"]
[SourceTitle "EXT 2020"]
[Source "ChessBase"]
[SourceDate "2019.10.17"]
[SourceVersion "1"]
[SourceVersionDate "2019.10.17"]
[SourceQuality "1"]

1. e4 c5 2. Nc3 Nf6 3. g3 d5 4. Bg2 dxe4 5. Nxe4 Nxe4 6. Bxe4 Nc6 7. d3 h6 8. Ne2 e5 9. Bg2 Be6 10. Nc3 Be7 11. 0-0 0-0 12. Re1 Bd6 13. b3 Be7 14. Bb2 Qc7 15. Nb5 Qb6 16. Na3 Bf6 17. Qh5 Nd4 18. c3 Nc6 19. Bxc6 Qxc6 20. c4 Qd7 21. Rad1 Bg4 22. Qxg4 Qxg4 23. Nb5 Rac8 24. Nd6 Rc7 25. Ne4 Rd8 26. Ba3 b6 27. Bc1 Bg5 28. Bb2 Bf6 29. Bc1 Kh7 30. Nc3 Rcd7 31. Nd5 Rxd5 32. cxd5 Rxd5 33. Bb2 e4 34. Bxf6 gxf6 35. h3 Qxh3 36. dxe4 Rh5 37. f4 Qxg3+ 38. Kf1 Qf3+ 39. Kg1 Rh1# 0-1

[Event "Hong Kong Jolimark op"]
[Site "Hong Kong"]
[Date "2018.12.27"]
[Round "9"]
[White "Jiang, Zihao William"]
[Black "Chen, Kai Chun"]
[Result "1/2-1/2"]
[WhiteElo "1158"]
[BlackElo "1370"]
[PlyCount "52"]
[EventDate "2018.12.22"]
[EventType "swiss"]
[EventRounds "9"]
[EventCountry "HKG"]
[SourceTitle "CBM 188 Extra"]
[Source "ChessBase"]
[SourceDate "2019.02.26"]
[SourceVersion "1"]
[SourceVersionDate "2019.02.26"]
[SourceQuality "1"]

1. e4 c5 2. Nc3 Nc6 3. g3 e5 4. Bg2 Nf6 5. Nge2 d6 6. 0-0 Be6 7. d3 Qd7 8. f4 Bh3 9. f5 Bxg2 10. Kxg2 h5 11. Bg5 Be7 12. Qd2 Nh7 13. Be3 Nf6 14. Bg5 Nh7 15. Be3 Nf6 16. Rad1 h4 17. Bg5 hxg3 18. Nxg3 Qd8 19. Rh1 Rc8 20. Nce2 Nd4 21. c3 Nxe2 22. Qxe2 Nh7 23. Be3 Bg5 24. d4 Bxe3 25. Qxe3 cxd4 26. cxd4 Rc2+ 1/2-1/2

[Event "Hong Kong Jolimark op"]
[Site "Hong Kong"]
[Date "2018.12.22"]
[Round "1"]
[White "Jiang, Zihao William"]
[Black "Shoemaker, Eric D"]
[Result "0-1"]
[WhiteElo "1158"]
[BlackElo "1849"]
[PlyCount "174"]
[EventDate "2018.12.22"]
[EventType "swiss"]
[EventRounds "9"]
[EventCountry "HKG"]
[SourceTitle "CBM 188 Extra"]
[Source "ChessBase"]
[SourceDate "2019.02.26"]
[SourceVersion "1"]
[SourceVersionDate "2019.02.26"]
[SourceQuality "1"]

1. e4 e5 2. Nf3 Nc6 3. Bc4 Nf6 4. d4 exd4 5. 0-0 Nxe4 6. Re1 d5 7. Bxd5 Qxd5 8. Nc3 Qd8 9. Rxe4+ Be7 10. Nxd4 0-0 11. Bf4 Bd6 12. Nxc6 bxc6 13. Rd4 Qe7 14. Bxd6 cxd6 15. Rxd6 Be6 16. Rxc6 Rfd8 17. Qf3 Rab8 18. Re1 Rxb2 19. Qe4 Rb4 20. Qe3 Qd7 21. Qf3 Rd4 22. h3 h6 23. Rc5 Qd6 24. Rc6 Qb4 25. Rb1 Qe7 26. Ra6 R4d7 27. Re1 Qb4 28. Rb1 Qe7 29. Re1 Qc5 30. Rc6 Qg5 31. Ne4 Qb5 32. Nc3 Qg5 33. Ne4 Qb5 34. Nc3 Qa5 35. Rb1 Rd2 36. Ne4 R2d7 37. Rc5 Qxa2 38. Rcb5 Qxc2 39. Nc5 Rd1+ 40. Rxd1 Qxd1+ 41. Qxd1 Rxd1+ 42. Kh2 Ra1 43. Rb8+ Kh7 44. Re8 Bd5 45. Rd8 Bc4 46. Nd7 g6 47. Nf6+ Kg7 48. Ne8+ Kf8 49. Rc8 Be6 50. Rb8 Ke7 51. Nc7 a5 52. Ra8 a4 53. Nb5 Kf6 54. Ra6 Ke5 55. f3 Bc4 56. Ra5 Bxb5 57. Rxb5+ Kf4 58. Rb4+ Kg5 59. h4+ Kf6 60. Rb6+ Kg7 61. Ra6 h5 62. Kg3 a3 63. Kf4 a2 64. Kg3 Kf8 65. Kf2 Ke7 66. Ke2 Rg1 67. Ra7+ Kf8 68. Ra8+ Kg7 69. Rxa2 Rxg2+ 70. Ke3 Rxa2 71. Kf4 Kf6 72. Kg3 Kf5 73. Kh3 Ra4 74. Kg3 f6 75. f4 Ra3+ 76. Kf2 Kxf4 77. Ke2 Rf3 78. Kd2 Re3 79. Kc2 Ke4 80. Kb2 Rd3 81. Kc2 f5 82. Kb2 Kd4 83. Kc2 Kc4 84. Kb2 Rc3 85. Ka2 Rc2+ 86. Ka3 f4 87. Ka4 Ra2# 0-1